000
00421nam a2200133Ia 4500
008
151001s9999||||xx |||||||||||||| ||und||
100
_a
इझाडोर डंकन
245
_a
मी इझाडोरा
250
_a
1
260
_b
महाराष्ट्र राज्य साहित्य संस्कुती मंडळ मुंबई
260
_c
1975
300
_a
431
365
_b
22
999
_c
959529
_d
959526